000 00546 a2200205 4500
005 20260309131019.0
008 260309b |||||||| |||| 00| 0 eng d
020 _a9781032596761
040 _cSDCL
041 _2eng
_aeng
084 _aX R5
100 _aGoodwin, Neva
_91131355
245 _aEssentials of Economics in Context
250 _a2nd
260 _aNew York :
_bRoutledge,
_c2025.
300 _axxxiv, 576p.
700 _aHarris, Jonathan M.
_91131356
700 _aRajkanikar, Pratistha joshi
_91131357
942 _cTEXL
_2CC
999 _c1678239
_d1678239